Contemporary implant dentsity. (3rd ed.) (Record no. 31150)

MARC details
000 -LEADER
fixed length control field 00683nam a2200181 a 4500
008 - FIXED-LENGTH DATA ELEMENTS--GENERAL INFORMATION
fixed length control field 170228s2008 ||||||||||||||||| || u
020 ## - INTERNATIONAL STANDARD BOOK NUMBER
International Standard Book Number 9780323043731
050 ## - LIBRARY OF CONGRESS CALL NUMBER
Classification number RK 667.I45 Mis
100 ## - MAIN ENTRY--PERSONAL NAME
Personal name Misch, Carl E
245 10 - TITLE STATEMENT
Title Contemporary implant dentsity. (3rd ed.)
Statement of responsibility, etc. By Carl E. Misch
250 ## - EDITION STATEMENT
Edition statement 3rd ed.
260 ## - PUBLICATION, DISTRIBUTION, ETC.
Place of publication, distribution, etc. St Louis Missouri:
Name of publisher, distributor, etc. Mosby Elsevier
Date of publication, distribution, etc. 2008
300 ## - PHYSICAL DESCRIPTION
Extent xvii, 1102p.: ill.
350 ## -
-- 230.00
650 #0 - SUBJECT ADDED ENTRY--TOPICAL TERM
Topical term or geographic name entry element DENTAL IMPLANTS
650 ## - SUBJECT ADDED ENTRY--TOPICAL TERM
Topical term or geographic name entry element DENTAL PROSTHESIS DESIGN
995 ## -
-- MICHAEL CHILUFYA SATA OPEN ACCESS
-- 903694
-- CBU-SCHOOL OF MEDICINE LIBRARY (Ndola)
-- 230.00
-- RK 667.I45 Mis
-- 1
-- AVAILABLE
-- Mar 7, 2017
-- 903694
-- Medical Library Open Access Collection
999 ## -
-- 31150
-- 31150
Holdings
Withdrawn status Lost status Source of classification or shelving scheme Damaged status Not for loan Permanent Location Current Location Shelving location Date acquired Total Checkouts Full call number Barcode Date last seen Price effective from Koha item type
          CBU-SCHOOL OF MEDICINE LIBRARY, NDOLA. CBU-SCHOOL OF MEDICINE LIBRARY, NDOLA.   11/30/2022   RK 667.I45 Mis 903694 11/30/2022 11/30/2022 MONOGRAPH